Soccer Players by Letter - S - Statistics

General Stats
  • This quiz has been taken 442 times
  • The average score is 9 of 12
Answer Stats
Picture Answer % Correct
Mohamed Salah
99%
Luis Suárez
98%
Thiago Silva
93%
Paul Scholes
85%
Sócrates
77%
Bastian Schweinsteiger
76%
Peter Schmeichel
69%
Andriy Shevchenko
67%
Wesley Sneijder
66%
Clarence Seedorf
64%
Alan Shearer
60%
Hristo Stoichkov
52%
No matching quizzes found
Score Distribution
Percent of People with Each Score
Percentile by Number Answered
Your Score History
You have not taken this quiz